| 000 | 00454nam a2200193Ia 4500 | ||
|---|---|---|---|
| 003 | 0100 | ||
| 008 | 130227s9999 xx 000 0 und d | ||
| 040 | _cARRUPELIB | ||
| 050 | _aD21.N42 1960 | ||
| 100 | _aNehru, Jawaharlal | ||
| 245 | _aNehru on world history | ||
| 260 | _aBloomington | ||
| 260 | _bIndiana University Press | ||
| 260 | _C1960 | ||
| 300 | _axvi | ||
| 300 | _b 304p 20cm | ||
| 700 | _aPadover, Saul Kussiel (ed) | ||
| 942 |
_2lcc _05 |
||
| 999 |
_c304 _d304 |
||